| 000 | 01581nam a2200409 c 4500 | ||
|---|---|---|---|
| 999 |
_c130895 _d130895 |
||
| 003 | BLK | ||
| 005 | 20250508162634.0 | ||
| 008 | 180409b bul|||||r ||||||| ||bul|| | ||
| 010 | _aKNG00136691000 | ||
| 020 | _a978-954-427-898-4 | ||
| 040 | _aBLK | ||
| 041 |
_aBUL _cBUL |
||
| 072 | 7 |
_2bullib _aН92 _xИстория Н |
|
| 080 |
_aИстория на Русия и СССР. Вж и 936 ; 957 _b94(470) _z94(470) |
||
| 100 | 1 |
_aФиджис, Орландо _eпърви автор _9133828 |
|
| 139 |
_aФиджис, Орландо _bФ 46 |
||
| 245 | 1 | 0 |
_aЧовешка трагедия _bРуската революция 1891 - 1924 _cОрландо Фиджис; прев. от англ. Димитър Добрев. |
| 257 | _aGBR | ||
| 260 |
_bАбагар _c2010 |
||
| 300 |
_a920 с., 32 л. _bил. _c24 см |
||
| 380 | _a9 | ||
| 500 | _aБез сведение за ориг. загл. - Библиогр. с. 891-919. | ||
| 650 | 4 |
_aРусия - история и политика _9246681 |
|
| 651 | 4 |
_aРусия _9179465 |
|
| 653 | _aРусия | ||
| 653 | _aистория | ||
| 653 | _aреволюции | ||
| 659 | _aН | ||
| 700 |
_aДимитров, Димитър Добрев _d1961 - _gПреводач от английски език. _9322262 |
||
| 852 | _aЦб 257232 | ||
| 856 | 4 |
_qpdf _i0.00 _ldisable |
|
| 856 | 4 |
_qpdf _i0.00 _ldisable |
|
| 942 |
_cKNG _n0 _s1 _01 |
||
| 944 |
_aCR _c03.04.2007 _lДиана Гривева _k30529 |
||
| 944 |
_aED _c14.03.2016 _lф / _kЛюдмила_Стоянова |
||
| 999 | _d130895 | ||